000 00962nam a2200289 i 4500
001 000010747
003 DO-SdBNP
005 20240412074220.0
007 ta
008 091009s1978 dr a 000 p spa d
040 _aDO-SdBNP
_bspa
_cBNPHU
_erda
082 _aRD861.44
_bP944p
_222
100 _aPérez, Norvo Antonio
_d1925-
_925959
245 1 0 _aPerfiles íntimos :
_bun milagro del cristo /
_cNorvo Antonio Pérez.
264 1 _aSanto Domingo :
_bAlfa y Omega,
_c1978.
300 _a141 páginas
_bilustraciones
_c22 cm.
336 _2rdacontent
_atexto
_btxt
337 _2rdamedia
_asin mediación
_bn
338 _2rdacarrier
_avolumen
_bnc
500 _aIncluye datos biográficos del autor en la contracubierta
500 _aEl ejemplar número 4 es una reimpresión de diciembre 1978.
590 _aInventariado, 2024/ YL
650 0 _aPoesía dominicana
_966
650 0 _aLiteratura dominicana.
_967
910 _aYLockward
942 _2ddc
_cLBS1
999 _c10502
_d10502